• 首页
  • 本馆介绍
  • 公告通知
  • 最新文献
  • 馆藏检索
  • 电子资源
  • 读者导购
  • 参考咨询
  • 我的图书馆
  • 登录
  • 详细信息显示
  • 放入我的书架
  • 预约/预借图书
  • 作者相关作品
  • 分类相关作品
  • 丛书相关作品
  • 出版社相关作品

书目信息

  • 表格格式
  • 工作单格式
  • 卡片格式
题名:
建设社会主义教育强国研究
    
 
作者: 童世骏 主编
分册:  
出版信息: 北京   人民出版社  2019.03
页数: 254页
开本: 23cm
丛书名: 新时代 新思想 新战略研究丛书
单 册:
中图分类: G521
科图分类:
主题词: 教育事业--研究--中国
电子资源:
ISBN: 978-7-01-020115-3
000 01172oam2 2200253 450
001 2159420602
005 20211117163027.78
010    @a978-7-01-020115-3@dCNY50.00
100    @a20190315d2019 em y0chiy50 ea
101 0  @achi
102    @aCN@b110000
105    @ay z 000yy
200 1  @a建设社会主义教育强国研究@f童世骏主编
210    @a北京@c人民出版社@d2019.03
215    @a254页@d23cm
225 2  @a新时代 新思想 新战略研究丛书
300    @a上海市习近平新时代中国特色社会主义思想研究中心
330    @a本书稿着眼于建成“现代化强国”和建设“教育强国”之间的关系,重点对如何培育和践行社会主义核心价值观,建设社会主义教育强国?如何实现人才强国和教育强国的结合?如何实现公平而有质量的教育?如何实现高等教育内涵发展?如何完善职业教育体系,深化产教融合?如何建设新时代中国特色社会主义民办教育体系?如何进一步提升新时代的教育公平?如何建设新时代高素质的教师队伍?如何构建终身学习的社会?如何以开放促进国家教育改革与发展等问题从理论和实践结合的角度进行了全面系统研究,具有较高的理论价值。
333    @a教育发展研究人员
606 0  @a教育事业@x研究@y中国
690    @aG521@v5
701  0 @a童世骏@4主编
801  0 @aCN@b山东中教@c20211112
905    @aZUCC@dG521@e12
    
    建设社会主义教育强国研究/童世骏主编.-北京:人民出版社,2019.03
    254页;23cm.-(新时代 新思想 新战略研究丛书)
    上海市习近平新时代中国特色社会主义思想研究中心.-使用对象:教育发展研究人员
    
    ISBN 978-7-01-020115-3:CNY50.00
    本书稿着眼于建成“现代化强国”和建设“教育强国”之间的关系,重点对如何培育和践行社会主义核心价值观,建设社会主义教育强国?如何实现人才强国和教育强国的结合?如何实现公平而有质量的教育?如何实现高等教育内涵发展?如何完善职业教育体系,深化产教融合?如何建设新时代中国特色社会主义民办教育体系?如何进一步提升新时代的教育公平?如何建设新时代高素质的教师队伍?如何构建终身学习的社会?如何以开放促进国家教育改革与发展等问题从理论和实践结合的角度进行了全面系统研究,具有较高的理论价值。
●
相关链接 在五车中查询图书 在当当中查询图书 在豆瓣中查询图书


正题名:建设社会主义教育强国研究     索取号:G521/12         预约/预借

序号 登录号 条形码 馆藏地/架位号 状态 备注
1 2000890574   2000890574   兵学书屋/兵圣1架A面1层5列/ [索取号:G521/12] 在馆    
2 2000890575   2000890575   兵学书屋/兵圣1架A面1层5列/ [索取号:G521/12] 在馆    
3 2000890576   2000890576   兵学书屋/兵圣1架A面1层5列/ [索取号:G521/12] 在馆    
山东省滨州职业学院图书馆 欢迎您!
大连网信软件有限公司© 版权所有